000 00526nam a2200181Ia 4500
999 _c14564
_d14564
003 OSt
005 20201113132712.0
008 190216s9999||||xx |||||||||||||| ||und||
020 _a9788131755280
040 _coclc
082 _a418.001
_bHUG/T
100 _aHughes, Rebecca
_96517
245 0 _aTeaching And Researching : Speaking /
_cRebecca Hughes
260 _bPearson Education,
_c2011.
_aNew Delhi:
300 _a197p
650 _aEnglish
942 _cBK
_2ddc
_h418.001
_iHUG/T
_k418.001
_mHUG/T